00361 2200157 4500001002100000005001500021035002000036245004100056100001300097300001100110260002600121082000800147084001400155020002200169990001200191INLIS00000000000168520250429013144 a0010-04250001011 aBola Mania :bSepak Bola /cMimin Us0 aMimin Us a98 hlm aJakarta :bAnak Saleh a700 a700 MIM b a978-602-8250-30-6 a0754658